[Event "TICF"]
[Site "FAMALICAO"]
[Date "2023.07.29"]
[Round "7.14"]
[White "SILVA, Daniel"]
[Black "AFONSO, Joao Pedro"]
[Result "0-1"]
[BlackElo "1880"]
[WhiteElo "1639"]
[LiveChessVersion "1.4.8"]

1. d4 {[%clk 1:30:12]} Nf6 {[%clk 1:30:49]} 2. Bf4 {[%clk 1:29:33]} g6
{[%clk 1:28:57]} 3. Nc3 {[%clk 1:25:01]} Bg7 {[%clk 1:29:20]} 4. e4
{[%clk 1:22:48]} d6 {[%clk 1:29:44]} 5. Qd2 {[%clk 1:14:57]} c6 {[%clk 1:26:34]}
6. a4 {[%clk 0:52:24]} O-O {[%clk 1:23:47]} 7. Be2 {[%clk 0:43:03]} Qa5
{[%clk 1:21:22]} 8. Nf3 {[%clk 0:42:33]} b5 {[%clk 1:04:17]} 9. b4
{[%clk 0:37:30]} Qxb4 {[%clk 1:01:57]} 10. axb5 {[%clk 0:32:59]} c5
{[%clk 0:53:14]} 11. Rb1 {[%clk 0:22:50]} Nxe4 {[%clk 0:20:06]} 12. Rxb4
{[%clk 0:22:22]} Nxd2 {[%clk 0:20:12]} 13. Ra4 {[%clk 0:18:02]} cxd4
{[%clk 0:18:22]} 14. Nd5 {[%clk 0:14:50]} Ne4 {[%clk 0:16:58]} 15. Nc7
{[%clk 0:12:02]} Nc3 {[%clk 0:17:18]} 16. Ra3 {[%clk 0:11:11]} Bb7
{[%clk 0:15:56]} 17. Nxa8 {[%clk 0:10:00]} Bxa8 {[%clk 0:16:08]} 18. Bd2
{[%clk 0:08:58]} a6 {[%clk 0:11:14]} 19. Bxc3 {[%clk 0:08:42]} dxc3
{[%clk 0:11:39]} 20. O-O {[%clk 0:08:08]} Bxf3 {[%clk 0:11:16]} 21. Bxf3
{[%clk 0:04:59]} axb5 {[%clk 0:11:39]} 22. Ra7 {[%clk 0:04:16]} e6
{[%clk 0:11:48]} 23. Rb1 {[%clk 0:03:17]} d5 {[%clk 0:12:07]} 24. Rc7
{[%clk 0:02:31]} Be5 {[%clk 0:12:03]} 25. Rc5 {[%clk 0:02:38]} b4
{[%clk 0:12:25]} 26. Be2 {[%clk 0:02:43]} Bd6 {[%clk 0:12:14]} 27. Ra5
{[%clk 0:01:08]} Rd8 {[%clk 0:11:16]} 28. Bb5 {[%clk 0:00:48]} Nd7
{[%clk 0:10:21]} 29. Bxd7 {[%clk 0:00:46]} Rxd7 {[%clk 0:10:43]} 30. f4
{[%clk 0:00:45]} Rb7 {[%clk 0:09:31]} 31. g3 {[%clk 0:00:52]} Kg7
{[%clk 0:07:58]} 32. Ra2 {[%clk 0:00:43]} d4 {[%clk 0:07:58]} 33. Rd1
{[%clk 0:00:35]} Bc5 {[%clk 0:06:47]} 34. Kf1 {[%clk 0:00:47]} b3
{[%clk 0:06:38]} 35. cxb3 {[%clk 0:01:12]} Rxb3 {[%clk 0:06:50]} 36. Ke2
{[%clk 0:01:02]} h5 {[%clk 0:02:17]} 37. Kd3 {[%clk 0:01:16]} Rb4
{[%clk 0:01:35]} 38. Rc1 {[%clk 0:00:33]} Be7 {[%clk 0:01:27]} 39. Ra7
{[%clk 0:00:35]} Bf6 {[%clk 0:01:44]} 40. Ra2 {[%clk 0:00:43]} Rb5
{[%clk 0:01:58]} 41. h3 {[%clk 0:00:33]} e5 {[%clk 0:02:13]} 42. fxe5
{[%clk 0:00:41]} Rxe5 {[%clk 0:02:37]} 43. Rf2 {[%clk 0:00:32]} Re3+
{[%clk 0:02:43]} 44. Kc2 {[%clk 0:00:46]} d3+ {[%clk 0:03:04]} 45. Kb3
{[%clk 0:01:04]} d2 {[%clk 0:03:08]} 46. Rcf1 {[%clk 0:01:07]} Re1
{[%clk 0:03:24]} 0-1